Australian economic and property investment indicators. - No.41 (February 1990) - No.48 (December 1990) (Record no. 95865)

MARC details
000 -LEADER
fixed length control field 00694cam a2200253 4500
001 - CONTROL NUMBER
control field J346
008 - FIXED-LENGTH DATA ELEMENTS--GENERAL INFORMATION
fixed length control field 090401t1990 xxu||||| |||| 00| 0 eng d
035 ## - SYSTEM CONTROL NUMBER
System control number (Sirsi) u74505
041 ## - LANGUAGE CODE
Language code of text/sound track or separate title eng
050 ## - LIBRARY OF CONGRESS CALL NUMBER
Classification number 332.63240994
110 ## - MAIN ENTRY--CORPORATE NAME
Corporate name or jurisdiction name as entry element Baillieu Knight Frank
9 (RLIN) 581
245 ## - TITLE STATEMENT
Title Australian economic and property investment indicators. - No.41 (February 1990) - No.48 (December 1990)
260 ## - PUBLICATION, DISTRIBUTION, ETC.
Place of publication, distribution, etc. Melbourne
Name of publisher, distributor, etc. Baillieu Knight Frank
Date of publication, distribution, etc. 1990
300 ## - PHYSICAL DESCRIPTION
Extent 8 pt. ; 30cm.
350 ## - PRICE (NR) (BK AM CF MU VM SE) [OBSOLETE]
Price 0
650 ## - SUBJECT ADDED ENTRY--TOPICAL TERM
Topical term or geographic name entry element AUSTRALIA
650 ## - SUBJECT ADDED ENTRY--TOPICAL TERM
Topical term or geographic name entry element INDUSTRIAL PROPERTY
650 ## - SUBJECT ADDED ENTRY--TOPICAL TERM
Topical term or geographic name entry element INVESTMENT
650 ## - SUBJECT ADDED ENTRY--TOPICAL TERM
Topical term or geographic name entry element OFFICES
650 ## - SUBJECT ADDED ENTRY--TOPICAL TERM
Topical term or geographic name entry element SHOPS
690 ## - LOCAL SUBJECT ADDED ENTRY--TOPICAL TERM (OCLC, RLIN)
Topical term or geographic name as entry element OVERSEAS-REST OF THE WORLD
942 ## - ADDED ENTRY ELEMENTS (KOHA)
Suppress in OPAC 0
948 ## - LOCAL PROCESSING INFORMATION (OCLC); SERIES PART DESIGNATOR (RLIN)
c (OCLC) 04/03/1997
Holdings
Withdrawn status Lost status Source of classification or shelving scheme Damaged status Not for loan Home library Current library Shelving location Date acquired Total Checkouts Full call number Barcode Date last seen Copy number Price effective from Koha item type
    Dewey Decimal Classification     London London Property market reports 11/11/1991   LIBRARY ANNEXE 30030822 06/08/2019 1 06/08/2019 Book
    Dewey Decimal Classification     London London Property market reports 11/11/1991   LIBRARY ANNEXE 30030823 06/08/2019 2 06/08/2019 Book
    Dewey Decimal Classification     London London Property market reports 11/11/1991   LIBRARY ANNEXE 30030826 06/08/2019 3 06/08/2019 Book
    Dewey Decimal Classification     London London Property market reports 11/11/1991   LIBRARY ANNEXE 30030827 06/08/2019 4 06/08/2019 Book
    Dewey Decimal Classification     London London Property market reports 11/11/1991   LIBRARY ANNEXE 30030830 06/08/2019 5 06/08/2019 Book
    Dewey Decimal Classification     London London Property market reports 11/11/1991   LIBRARY ANNEXE 30030831 06/08/2019 6 06/08/2019 Book
    Dewey Decimal Classification     London London Property market reports 11/11/1991   LIBRARY ANNEXE 30030843 06/08/2019 7 06/08/2019 Book
    Dewey Decimal Classification     London London Property market reports 11/11/1991   LIBRARY ANNEXE 30030847 06/08/2019 8 06/08/2019 Book